| 000 | 00392nam a2200169Ia 4500 | ||
|---|---|---|---|
| 003 | OSt | ||
| 005 | 20240212104823.0 | ||
| 008 | 170619s9999 xx 000 0 und d | ||
| 020 | _a8120305329 | ||
| 040 | _cIIMT ENGINEERING COLLEGE | ||
| 100 | _aOppenheim A V | ||
| 245 | 0 | _aDigita signal processing | |
| 260 | _bNew Delhi: PHI | ||
| 260 | _c1998 | ||
| 546 | _aENGLISH | ||
| 942 |
_2ddc _c01 |
||
| 999 |
_c16141 _d16141 |
||